Cuerpo Humano por Letra - A - Estadísticas

Estadísticas generales
  • Esta prueba ha sido intentada 479 veces
    58 desde el último reinicio
  • La puntuación promedio es 12 de 15
Estadísticas de respuestas
Definición Respuesta % Correcto
Parte del brazo desde el codo hasta la muñeca. Antebrazo
98%
La arteria central y más grande del cuerpo. Aorta
98%
Tubo elástico, que transporta la sangre lejos desde el corazón a otras partes del cuerpo Arteria
94%
Una demencia progresiva que causa pérdida de memoria. Alzheimer
90%
Unión de dos o más huesos. Articulación
90%
Un latido cardíaco irregular, debido a un defecto en los impulsos eléctricos. Arritmia
88%
Vientre, parte del cuerpo situada entre el tórax y la pelvis. Abdomen
82%
Procedimiento para terminar un embarazo. Aborto
80%
Masas ovaladas situadas en el fondo de la garganta. Amígdalas
78%
Estructura adherida a la parte inicial del intestino grueso, no tiene función conocida Apéndice
72%
Trastorno en el que se reduce la cantidad de hemoglobina en la sangre. Anemia
68%
Inflamación de las articulaciones de los huesos. Artritis
64%
Sustancia que causa una alergia. Alérgeno
62%
Enfermedad crónica en la que las vías respiratorias bronquiales se estrechan e inflaman, dificultando la respiración. Asma
60%
También llamado derrame o ataque cerebral. El flujo sanguíneo al cerebro se detiene. ACV
28%
No se encontraron pruebas coincidentes
Distribución de puntuación
Porcentaje de gente con cada puntuación
Porcentaje por número respondido
Historial de tus puntuaciones
No has intentado esta prueba desde el último reinicio